[Event "Chigorin Memorial"]
[Site "St Petersburg"]
[Date "2016.10.18"]
[Round "4.89"]
[White "Golikov, Daniil"]
[Black "Yandarbiev, Ruslan"]
[Result "0-1"]
[WhiteElo "2114"]
[BlackElo "2342"]
[PlyCount "71"]
[EventDate "2016.10.15"]
[EventType "swiss"]
[EventRounds "9"]
[EventCountry "RUS"]

1. d4 Nf6 2. c4 e6 3. Nc3 Bb4 4. e3 Bxc3+ 5. bxc3 c5 6. Bd3 Nc6 7. Ne2 d6 8.
O-O O-O 9. Ng3 e5 10. d5 Ne7 11. f4 exf4 12. exf4 b5 13. cxb5 Nexd5 14. c4 Nb6
15. Ne4 Nxe4 16. Bxe4 Rb8 17. Qc2 f5 18. Bd3 Be6 19. Re1 Qf6 20. Bb2 Qf7 21.
Rac1 d5 22. cxd5 Nxd5 23. Qxc5 Nxf4 24. Bf1 Rfe8 25. Qd4 Ng6 26. Rxe6 Rxe6 27.
Bc4 Rbe8 28. Bxe6 Rxe6 29. Rc8+ Nf8 30. a4 h6 31. Qd8 Re1+ 32. Kf2 Rb1 33. Qd4
Kh7 34. Rc1 Ne6 35. Qb4 Nf4 36. Qd2 0-1

[Event "Chigorin Memorial"]
[Site "St Petersburg"]
[Date "2016.10.18"]
[Round "4.90"]
[White "Nikitinyh, Boris"]
[Black "Yeletsky, Ivan"]
[Result "0-1"]
[WhiteElo "2114"]
[BlackElo "2340"]
[PlyCount "116"]
[EventDate "2016.10.15"]
[EventType "swiss"]
[EventRounds "9"]
[EventCountry "RUS"]

1. e4 c5 2. Nf3 d6 3. d4 cxd4 4. Nxd4 Nf6 5. Nc3 a6 6. Bd3 g6 7. O-O Bg7 8. h3
O-O 9. Be3 e5 10. Nde2 b5 11. Ng3 Bb7 12. Qd2 Nbd7 13. Bh6 Nc5 14. Bxg7 Kxg7
15. b4 Ne6 16. Rfd1 Rc8 17. a4 Qc7 18. Ra3 bxa4 19. Nxa4 d5 20. exd5 Bxd5 21.
Bxa6 Ra8 22. Bf1 Nf4 23. Rda1 Rfc8 24. Nc5 Rd8 25. Qe3 Rxa3 26. Rxa3 Ba8 27.
Ra7 Qd6 28. Ra6 Qe7 29. Qa3 Bd5 30. c4 Bxg2 31. Bxg2 Rd1+ 32. Nf1 Nxg2 33. Qf3
Rxf1+ 34. Kxf1 Nf4 35. Qb7 Qd8 36. Qf3 Qd4 37. Kg1 Qxc4 38. Rxf6 Kxf6 39. Qc6+
Kg7 40. b5 Qc1+ 41. Kh2 Qa3 42. Kg1 Qc1+ 43. Kh2 Qf1 44. Qf3 Qxb5 45. Ne4 Qd5
46. Ng5 Qxf3 47. Nxf3 Nd3 48. Kg1 f5 49. Nd2 Kf6 50. Kg2 Ke6 51. Nf3 h6 52. Nd2
Kd5 53. Nf3 g5 54. Nd2 e4 55. Nf1 f4 56. Nh2 h5 57. Nf1 Ke5 58. Nd2 Nxf2 0-1

[Event "Chigorin Memorial"]
[Site "St Petersburg"]
[Date "2016.10.18"]
[Round "4.91"]
[White "Gevorgyan, David Sh"]
[Black "Navrodskiy, Boris"]
[Result "1-0"]
[WhiteElo "2335"]
[BlackElo "2099"]
[PlyCount "85"]
[EventDate "2016.10.15"]
[EventType "swiss"]
[EventRounds "9"]
[EventCountry "RUS"]

1. d4 d5 2. c4 e6 3. Nc3 c6 4. Nf3 dxc4 5. a4 Bb4 6. e4 b5 7. Bg5 Ne7 8. Be2
Bb7 9. O-O a6 10. e5 Qc7 11. Ne4 O-O 12. b3 c3 13. Qd3 Nd5 14. Bd1 c5 15. Nxc5
Bxc5 16. dxc5 Nd7 17. Bc2 g6 18. Qd4 Qxc5 19. Qh4 Rfc8 20. Rad1 Qf8 21. Rfe1
Rc7 22. a5 Re8 23. Rd4 f5 24. exf6 e5 25. Rdd1 N7xf6 26. Rxe5 Rxe5 27. Nxe5 Re7
28. f4 Re6 29. Qg3 Nh5 30. Qg4 Nhxf4 31. Rxd5 Bxd5 32. Bxf4 Qc5+ 33. Kf1 Qd4
34. Qg5 Be4 35. Bxe4 Qd1+ 36. Kf2 c2 37. Bf3 Qd4+ 38. Kg3 c1=Q 39. Bxc1 Rxe5
40. Qd2 Qc5 41. Qd8+ Kf7 42. Bf4 Rf5 43. Qc7+ 1-0

[Event "Chigorin Memorial"]
[Site "St Petersburg"]
[Date "2016.10.18"]
[Round "4.92"]
[White "Rudenko, Naum"]
[Black "Borisovsky, Dmitry"]
[Result "0-1"]
[WhiteElo "2102"]
[BlackElo "2335"]
[PlyCount "86"]
[EventDate "2016.10.15"]
[EventType "swiss"]
[EventRounds "9"]
[EventCountry "RUS"]

1. d4 Nf6 2. Nf3 g6 3. c4 Bg7 4. Nc3 d5 5. e3 O-O 6. b4 b6 7. Qb3 Bb7 8. Bb2
dxc4 9. Bxc4 Bxf3 10. gxf3 e6 11. O-O Nbd7 12. Rfd1 Qe7 13. Ba3 c6 14. Rac1 b5
15. Bd3 Rac8 16. Rc2 Nb6 17. Rdc1 Qd7 18. Ne4 Nxe4 19. Bxe4 Nd5 20. Bb2 f5 21.
Bd3 g5 22. a3 a6 23. Rc5 Qd6 24. Kf1 Qxh2 25. Rxc6 Rxc6 26. Rxc6 g4 27. Rxe6
Qh1+ 28. Ke2 Qxf3+ 29. Ke1 Kh8 30. Be2 Qh1+ 31. Kd2 Nf6 32. d5 Ne4+ 33. Kc2 Qe1
34. Bxg7+ Kxg7 35. Qb2+ Kg8 36. Kd3 Nxf2+ 37. Kd4 g3 38. d6 g2 39. Qa2 Kh8 40.
Re7 g1=Q 41. Kc5 Ne4+ 42. Kc6 Qc3+ 43. Kd5 Qg8+ 0-1

[Event "Chigorin Memorial"]
[Site "St Petersburg"]
[Date "2016.10.18"]
[Round "4.93"]
[White "Tishova, Svetlana"]
[Black "Atlas, Eduard"]
[Result "1-0"]
[WhiteElo "2317"]
[BlackElo "2072"]
[PlyCount "75"]
[EventDate "2016.10.15"]
[EventType "swiss"]
[EventRounds "9"]
[EventCountry "RUS"]

1. e4 d6 2. d4 c6 3. Nc3 Nf6 4. Bg5 h6 5. Bh4 g5 6. Bg3 Qa5 7. Qd2 Nh5 8. Be2
Nxg3 9. hxg3 Bg7 10. f4 gxf4 11. gxf4 c5 12. Nf3 Nc6 13. d5 Nb8 14. e5 Bf5 15.
Nh4 Bh7 16. Bb5+ Kd8 17. Bd3 Bxd3 18. Qxd3 Nd7 19. Nf5 Bf8 20. Qg3 a6 21. Qh4
Kc7 22. O-O-O Qb4 23. a3 Qa5 24. Nxe7 Re8 25. exd6+ Kb8 26. Nf5 Rg8 27. Rhe1
Qd8 28. Rxe8 Qxe8 29. Re1 Qc8 30. Qh5 Rg6 31. Ne7 Bxe7 32. dxe7 Qe8 33. f5 Rb6
34. Qh2+ Ka7 35. Qc7 h5 36. Na4 Rb5 37. c4 Rb3 38. Kc2 1-0

[Event "Chigorin Memorial"]
[Site "St Petersburg"]
[Date "2016.10.18"]
[Round "4.94"]
[White "Svidinsky, Dmitry"]
[Black "Kononenko, Dmitry"]
[Result "0-1"]
[WhiteElo "2099"]
[BlackElo "2315"]
[PlyCount "96"]
[EventDate "2016.10.15"]
[EventType "swiss"]
[EventRounds "9"]
[EventCountry "RUS"]

1. e4 c6 2. d4 d5 3. Nc3 dxe4 4. Nxe4 Bf5 5. Ng3 Bg6 6. h4 h6 7. Nf3 Nd7 8. h5
Bh7 9. Bd3 Bxd3 10. Qxd3 e6 11. Bf4 Ngf6 12. O-O-O Be7 13. Kb1 O-O 14. Ne4 Qa5
15. Ne5 Nxe5 16. dxe5 Nxe4 17. Qxe4 Rad8 18. Be3 Rd5 19. Rxd5 cxd5 20. Qd3 Rc8
21. Bd2 Qc7 22. Re1 b5 23. c3 Qc4 24. Qxc4 Rxc4 25. f4 Bh4 26. Re2 Bg3 27. b3
Rc8 28. Kb2 Kh7 29. Be3 a6 30. Rc2 g6 31. hxg6+ Kxg6 32. Rc1 h5 33. Kc2 Kf5 34.
Kd3 h4 35. Kd4 Rg8 36. Rf1 Bh2 37. Bf2 Rxg2 38. Bxh4 Bxf4 39. Bf6 Rxa2 40. Kc5
Ke4 41. Kd6 b4 42. c4 dxc4 43. bxc4 b3 44. Rb1 Rd2+ 45. Ke7 b2 46. Kxf7 Kf5 47.
c5 Rc2 48. c6 Bc1 0-1

[Event "Chigorin Memorial"]
[Site "St Petersburg"]
[Date "2016.10.18"]
[Round "4.95"]
[White "Trapeznikova, Darya"]
[Black "Martynov, Roman"]
[Result "0-1"]
[WhiteElo "2093"]
[BlackElo "2307"]
[PlyCount "146"]
[EventDate "2016.10.15"]
[EventType "swiss"]
[EventRounds "9"]
[EventCountry "RUS"]

1. d4 g6 2. c4 Bg7 3. Nc3 c5 4. e3 Nf6 5. Nf3 O-O 6. Bd3 cxd4 7. exd4 d5 8. h3
dxc4 9. Bxc4 b6 10. O-O Nc6 11. Be3 Bb7 12. Qe2 e6 13. Rfd1 Nb4 14. Ne5 Rc8 15.
Rac1 Nfd5 16. a3 Nxc3 17. Rxc3 Nd5 18. Rcc1 Qd6 19. Nf3 Qb8 20. Ba6 Ne7 21.
Bxb7 Qxb7 22. Bf4 Rxc1 23. Rxc1 Rc8 24. Rxc8+ Qxc8 25. Be5 f6 26. Bf4 Kf7 27.
Qd3 Nd5 28. Bd2 Bf8 29. Ne1 a6 30. a4 Qb7 31. b3 b5 32. axb5 axb5 33. Nc2 Bd6
34. Qe4 Qa8 35. g3 Qa2 36. Qd3 Qb1+ 37. Kg2 Qd1 38. Ne3 Nxe3+ 39. Qxe3 Qc2 40.
Kg1 h5 41. Qh6 Be7 42. Qe3 g5 43. Ba5 Qf5 44. Kg2 g4 45. hxg4 hxg4 46. Bb6 Qd5+
47. Kg1 f5 48. Bc5 Bf6 49. Qh6 Qd7 50. Qf4 Kg6 51. Qe3 Qd5 52. Qd3 Qc6 53. Qe2
Kf7 54. Qd2 Kg6 55. Qe2 Qd7 56. Qe3 Qd5 57. Qd3 e5 58. Qxb5 exd4 59. Qc4 Qxc4
60. bxc4 d3 61. Bb4 Bd4 62. Kf1 Kf6 63. Bd6 Ke6 64. Bf4 Bc3 65. Bb8 Kd7 66. Bf4
Kc6 67. Be3 Kd6 68. c5+ Kd5 69. f3 gxf3 70. Kf2 d2 71. Bxd2 Bxd2 72. Kxf3 Kxc5
73. g4 f4 0-1

[Event "Chigorin Memorial"]
[Site "St Petersburg"]
[Date "2016.10.18"]
[Round "4.96"]
[White "Ufimtsev, Egor"]
[Black "Demianjuk, Alexander"]
[Result "1-0"]
[WhiteElo "2088"]
[BlackElo "2302"]
[PlyCount "155"]
[EventDate "2016.10.15"]
[EventType "swiss"]
[EventRounds "9"]
[EventCountry "RUS"]

1. Nf3 d5 2. d4 c6 3. c4 Nf6 4. Qc2 dxc4 5. Qxc4 Bg4 6. Nbd2 Nbd7 7. g3 e6 8.
Bg2 Be7 9. O-O O-O 10. b3 a5 11. a3 Qb6 12. Bb2 Rfd8 13. Qc2 Rac8 14. Nc4 Qa6
15. Rfd1 Bf5 16. Qc3 a4 17. b4 Nd5 18. Qc1 N7b6 19. Nfd2 Nxc4 20. Qxc4 b5 21.
Qc1 Bg6 22. Ne4 Qa7 23. Nc5 Nb6 24. e3 Nc4 25. Qc3 Bh5 26. Re1 Bxc5 27. bxc5 e5
28. h3 exd4 29. exd4 Nxb2 30. Qxb2 Qd7 31. Re5 Bg6 32. d5 f6 33. dxc6 Qa7 34.
Rd5 Re8 35. Qxb5 Rb8 36. Qc4 Bf7 37. Rd7 Qxd7 38. cxd7 Bxc4 39. dxe8=Q+ Rxe8
40. Rc1 Ba6 41. Bc6 Rc8 42. Bxa4 Kf8 43. Bd7 Rc7 44. c6 Bb5 45. Kg2 Ke7 46. Kf3
Ra7 47. Rc3 Kd6 48. Ke3 Ra4 49. Kd2 Rd4+ 50. Ke3 Rd1 51. Bg4 Re1+ 52. Kd2 Re7
53. c7 Rxc7 54. Rxc7 Kxc7 55. Kc3 g5 56. Kb4 Kb6 57. a4 Bf1 58. h4 gxh4 59.
gxh4 Bg2 60. a5+ Kc6 61. Kc4 h6 62. Bf5 Bf3 63. Kd4 Kb5 64. Be4 Bg4 65. Ke3
Kxa5 66. Kf4 Be6 67. Bf5 Bf7 68. Bd7 Bg6 69. Bc6 Kb6 70. Be4 Bh5 71. Kf5 Kc5
72. Kxf6 Kd4 73. Bg6 Be2 74. f4 Ke3 75. f5 Kf4 76. Kg7 h5 77. f6 Bc4 78. Bf7
1-0

[Event "Chigorin Memorial"]
[Site "St Petersburg"]
[Date "2016.10.18"]
[Round "4.97"]
[White "Minbayev, Bolatbek"]
[Black "Bao, Qilin"]
[Result "0-1"]
[WhiteElo "2034"]
[BlackElo "2301"]
[PlyCount "64"]
[EventDate "2016.10.15"]
[EventType "swiss"]
[EventRounds "9"]
[EventCountry "RUS"]

1. e4 e5 2. Nf3 Nf6 3. Nxe5 d6 4. Nf3 Nxe4 5. d4 d5 6. c4 Bb4+ 7. Nbd2 O-O 8.
a3 Re8 9. Be2 Bxd2+ 10. Nxd2 Nxd2 11. Bxd2 dxc4 12. Be3 Be6 13. a4 Nc6 14. O-O
a6 15. Rc1 b5 16. b3 Na5 17. bxc4 Bxc4 18. Bxc4 Nxc4 19. Qb3 Qd5 20. Qc3 c6 21.
h3 Re4 22. Rfd1 Rae8 23. axb5 cxb5 24. Ra1 a5 25. Rdc1 h6 26. Rab1 a4 27. Qb4
Nxe3 28. fxe3 Rxe3 29. Rc5 Qe4 30. Kh2 Qf4+ 31. Kh1 Rxh3+ 32. gxh3 Re2 0-1

[Event "Chigorin Memorial"]
[Site "St Petersburg"]
[Date "2016.10.18"]
[Round "4.98"]
[White "Shchukin, Dmitry"]
[Black "Kiseleva, Arina"]
[Result "1-0"]
[WhiteElo "2300"]
[BlackElo "2059"]
[PlyCount "67"]
[EventDate "2016.10.15"]
[EventType "swiss"]
[EventRounds "9"]
[EventCountry "RUS"]

1. e4 c5 2. Nf3 d6 3. d4 cxd4 4. Nxd4 Nf6 5. f3 e5 6. Bb5+ Bd7 7. Bxd7+ Qxd7 8.
Nf5 d5 9. Bg5 dxe4 10. Bxf6 Qxd1+ 11. Kxd1 gxf6 12. fxe4 Rg8 13. g3 Nc6 14. c3
O-O-O+ 15. Ke2 Ne7 16. Nxe7+ Bxe7 17. Nd2 Rd7 18. Rad1 Rgd8 19. Nc4 Rxd1 20.
Rxd1 Rxd1 21. Kxd1 Bc5 22. Ke2 Kd7 23. g4 b5 24. Ne3 Be7 25. Nd5 Bd8 26. b4 Kc6
27. Kd3 a6 28. c4 Kb7 29. Kc3 Ka7 30. Kb3 Kb7 31. a4 Kc6 32. axb5+ axb5 33.
cxb5+ Kxb5 34. h3 1-0

[Event "Chigorin Memorial"]
[Site "St Petersburg"]
[Date "2016.10.18"]
[Round "4.99"]
[White "Li, Yankai"]
[Black "Anu, Bayar"]
[Result "1-0"]
[WhiteElo "2298"]
[BlackElo "2038"]
[PlyCount "59"]
[EventDate "2016.10.15"]
[EventType "swiss"]
[EventRounds "9"]
[EventCountry "RUS"]

1. e4 e5 2. Nf3 Nc6 3. Nc3 Nf6 4. Bb5 Bd6 5. O-O O-O 6. Re1 a6 7. Ba4 Re8 8. d3
h6 9. a3 b5 10. Bb3 Bf8 11. h3 d6 12. Bd2 Be6 13. Nd5 Bxd5 14. exd5 Ne7 15. c4
c6 16. dxc6 Nxc6 17. Bc3 Qb6 18. Nd2 Nd4 19. Ba2 Rac8 20. b4 g6 21. Ne4 Nxe4
22. Rxe4 Bg7 23. Bxd4 exd4 24. Qg4 Rxe4 25. Qxc8+ Kh7 26. dxe4 d3 27. Rd1 Qd4
28. cxb5 axb5 29. Bxf7 h5 30. Qe6 1-0

[Event "Chigorin Memorial"]
[Site "St Petersburg"]
[Date "2016.10.18"]
[Round "4.100"]
[White "Sapegin, Yaroslav"]
[Black "Bykov, Egor"]
[Result "0-1"]
[WhiteElo "2013"]
[BlackElo "2292"]
[PlyCount "88"]
[EventDate "2016.10.15"]
[EventType "swiss"]
[EventRounds "9"]
[EventCountry "RUS"]

1. d4 d5 2. c4 e6 3. Nf3 Nf6 4. g3 Bb4+ 5. Bd2 Be7 6. Bg2 O-O 7. O-O c6 8. Qc2
b6 9. Rd1 Bb7 10. Be1 Nbd7 11. Nbd2 c5 12. cxd5 exd5 13. dxc5 bxc5 14. Nb3 a5
15. Nc1 Re8 16. Nd3 Bd6 17. e3 Qb6 18. Nf4 Bc6 19. Ng5 h6 20. Ngh3 Qb7 21. Qb3
Nb6 22. Bc3 Ba4 23. Qa3 Bxd1 24. Rxd1 Ne4 25. Qb3 a4 26. Qb5 Rab8 27. Nxd5 Nxd5
28. Qxb7 Rxb7 29. Rxd5 Nxc3 30. bxc3 Rb1+ 31. Bf1 Be7 32. Nf4 Rd8 33. Kg2 Rc1
34. Rxd8+ Bxd8 35. Nd5 Ba5 36. Bb5 a3 37. Bc4 Bxc3 38. Bb3 Ba5 39. Ne7+ Kf8 40.
Nc6 Bc7 41. Na7 c4 42. Ba4 c3 43. Nb5 c2 44. Kf3 Rb1 0-1

[Event "Chigorin Memorial"]
[Site "St Petersburg"]
[Date "2016.10.18"]
[Round "4.101"]
[White "Paszewski, Mateusz"]
[Black "Petrochenko, Maria"]
[Result "1/2-1/2"]
[WhiteElo "2291"]
[BlackElo "2037"]
[PlyCount "91"]
[EventDate "2016.10.15"]
[EventType "swiss"]
[EventRounds "9"]
[EventCountry "RUS"]

1. e4 e6 2. d4 d5 3. Nd2 c5 4. exd5 Qxd5 5. Ngf3 cxd4 6. Bc4 Qd6 7. O-O Nf6 8.
Nb3 Nc6 9. Nbxd4 Nxd4 10. Nxd4 a6 11. Re1 Be7 12. c3 O-O 13. Qf3 Qc7 14. Bb3
Rb8 15. Bf4 Bd6 16. Bxd6 Qxd6 17. Rad1 Qc7 18. Qg3 Qxg3 19. hxg3 Bd7 20. Nf3
Rfd8 21. Ne5 Be8 22. f3 Kf8 23. Kf2 Ke7 24. Ke3 h6 25. Rh1 Nd7 26. Nd3 Rbc8 27.
Rh5 Nb6 28. Rh4 Nd5+ 29. Kf2 a5 30. Rhh1 Nb6 31. a3 Bb5 32. Ke3 Ba4 33. Bxa4
Nxa4 34. Rh4 Nb6 35. Ke2 Rd5 36. Nf2 Rb5 37. Nd3 Nc4 38. a4 Rb3 39. Rb1 b5 40.
axb5 Rxb5 41. Rhh1 Rb3 42. Kd1 Rcb8 43. Kc2 Ne3+ 44. Kd2 Nc4+ 45. Kc2 Ne3+ 46.
Kd2 1/2-1/2

[Event "Chigorin Memorial"]
[Site "St Petersburg"]
[Date "2016.10.18"]
[Round "4.103"]
[White "Amina, Battsooj"]
[Black "Tsvetkov, Andrey"]
[Result "0-1"]
[WhiteElo "2274"]
[BlackElo "1992"]
[PlyCount "98"]
[EventDate "2016.10.15"]
[EventType "swiss"]
[EventRounds "9"]
[EventCountry "RUS"]

1. e4 c5 2. Nf3 d6 3. d4 cxd4 4. Nxd4 Nf6 5. Nc3 a6 6. Be2 e5 7. Nb3 Be7 8. Be3
O-O 9. g4 Be6 10. g5 Ne8 11. h4 Nc7 12. Bg4 Bxg4 13. Qxg4 d5 14. Bb6 d4 15. Nd5
Bd6 16. h5 Nc6 17. g6 fxg6 18. hxg6 h6 19. O-O-O Qc8 20. Qxc8 Raxc8 21. Bxc7
Bxc7 22. f4 Bd6 23. fxe5 Nxe5 24. Nxd4 Rfe8 25. Nf5 Bf8 26. Rhg1 Nf3 27. Rg4
Ng5 28. Re1 Re6 29. Nf4 Rxe4 30. Rxe4 Nxe4 31. Ne6 Nf6 32. Rd4 Re8 33. Nd8 Re5
34. Rf4 Nd5 35. Rf3 Ne7 36. Nxe7+ Bxe7 37. Nxb7 Rb5 38. Rb3 Rg5 39. Rb6 h5 40.
Rxa6 h4 41. Re6 Kf8 42. Ra6 Rg1+ 43. Kd2 Bg5+ 44. Ke2 h3 45. Nc5 h2 46. Ra8+
Ke7 47. Ra7+ Kd8 48. Ra8+ Kc7 49. Rh8 Bh6 0-1

[Event "Chigorin Memorial"]
[Site "St Petersburg"]
[Date "2016.10.18"]
[Round "4.104"]
[White "Tskhadadze, Anna"]
[Black "Chu, Wei Chao"]
[Result "0-1"]
[WhiteElo "1955"]
[BlackElo "2268"]
[PlyCount "86"]
[EventDate "2016.10.15"]
[EventType "swiss"]
[EventRounds "9"]
[EventCountry "RUS"]

1. d4 Nf6 2. Nf3 c5 3. c3 e6 4. Bf4 b6 5. e3 Bb7 6. Bd3 Be7 7. h3 O-O 8. O-O d5
9. Nbd2 Nc6 10. Qe2 Re8 11. Ne5 Nxe5 12. dxe5 Nd7 13. Nf3 a6 14. Rfd1 b5 15. e4
c4 16. Bc2 Nc5 17. exd5 Bxd5 18. Nd4 Qd7 19. Qg4 Qb7 20. h4 Be4 21. Bxe4 Qxe4
22. Re1 Qg6 23. Qxg6 hxg6 24. Bg3 Nd3 25. Re2 Rac8 26. a3 Red8 27. Rb1 Rd5 28.
Nc2 a5 29. Kh2 Bc5 30. f3 Bb6 31. Re4 Rcd8 32. f4 Nc5 33. Rd4 Na4 34. Rxd5 Rxd5
35. Be1 Rd3 36. g3 Kf8 37. Nd4 Bxd4 38. cxd4 Rb3 39. Bxa5 Nxb2 40. Kg2 Nd3 41.
Rd1 Rxa3 42. Bb6 Ke8 43. Rb1 c3 0-1

[Event "Chigorin Memorial"]
[Site "St Petersburg"]
[Date "2016.10.18"]
[Round "4.105"]
[White "Dushin, Nikolay"]
[Black "Egorov, Pavel"]
[Result "0-1"]
[WhiteElo "1948"]
[BlackElo "2257"]
[PlyCount "152"]
[EventDate "2016.10.15"]
[EventType "swiss"]
[EventRounds "9"]
[EventCountry "RUS"]

1. Nf3 Nf6 2. c4 g6 3. b3 Bg7 4. Bb2 O-O 5. g3 d5 6. Bg2 Nc6 7. O-O a5 8. cxd5
Nxd5 9. Bxg7 Kxg7 10. d4 Nf6 11. h3 a4 12. bxa4 Qd5 13. Nc3 Qc4 14. Rc1 Rd8 15.
e3 Qa6 16. Nd2 e5 17. d5 Nb4 18. e4 Bd7 19. f4 Nd3 20. fxe5 Nxe5 21. Nf3 Qb6+
22. Kh1 Re8 23. Nxe5 Rxe5 24. Qf3 Qd6 25. Rf2 Re7 26. Qf4 Nh5 27. Qxd6 cxd6 28.
g4 Nf6 29. g5 Ne8 30. Rb1 Bxa4 31. Rb4 b5 32. Rfb2 Nc7 33. Nxa4 bxa4 34. Rb6
Ne8 35. a3 h6 36. gxh6+ Kxh6 37. R2b4 Kg5 38. Bf1 Kf4 39. Bb5 Rxe4 40. Bc6 Rd8
41. Bxa4 Nf6 42. Bc6 Rh8 43. Kg2 Rh5 44. a4 Nxd5 45. Rxe4+ Kxe4 46. a5 Kd4 47.
Bxd5 Rxd5 48. a6 Ke5 49. a7 Rd2+ 50. Kf3 Ra2 51. Rb7 f5 52. Re7+ Kf6 53. Rd7
Ra3+ 54. Kg2 Ke5 55. Rg7 d5 56. Rxg6 Rxa7 57. Rg8 d4 58. Rd8 Ke4 59. Re8+ Kf4
60. Kf2 Ra2+ 61. Ke1 Rh2 62. Kd1 Rxh3 63. Kd2 Re3 64. Rd8 Ke4 65. Re8+ Kf3 66.
Rd8 Re4 67. Kd3 f4 68. Rg8 Re7 69. Rg6 Kf2 70. Rg4 Kf3 71. Rg8 Kf2 72. Rg4 f3
73. Kd2 Kf1 74. Rxd4 f2 75. Rd8 Rg7 76. Rf8 Kg2 0-1

[Event "Chigorin Memorial"]
[Site "St Petersburg"]
[Date "2016.10.18"]
[Round "4.107"]
[White "Melnikov, Dmitry"]
[Black "Yun, Vyacheslav"]
[Result "1-0"]
[WhiteElo "2254"]
[BlackElo "1766"]
[PlyCount "97"]
[EventDate "2016.10.15"]
[EventType "swiss"]
[EventRounds "9"]
[EventCountry "RUS"]

1. e4 Nf6 2. e5 Nd5 3. d4 d6 4. Nf3 Bg4 5. Be2 c6 6. O-O Bxf3 7. Bxf3 dxe5 8.
dxe5 e6 9. Qe2 Nd7 10. c4 Ne7 11. Nc3 Ng6 12. Be4 Ndxe5 13. f4 Bc5+ 14. Kh1 Nd7
15. f5 Ngf8 16. Bf4 Qe7 17. Qf3 Nb6 18. Rad1 Nfd7 19. fxe6 Qxe6 20. Bf5 Qxf5
21. Rde1+ Be7 22. Rxe7+ Kxe7 23. Bd6+ Kxd6 24. Qxf5 Ke7 25. Qf4 Kd8 26. c5 Nc8
27. Qg5+ f6 28. Qxg7 Re8 29. Qxh7 Ne7 30. Ne4 Nd5 31. Nd6 Rf8 32. Nxb7+ Kc7 33.
Nd6 Rh8 34. Qb1 Rag8 35. Nf5 Ne5 36. Qe1 Rh7 37. h3 Rgh8 38. b4 Rb8 39. a3 Rd7
40. Qg3 Rh8 41. Ne3 Nxe3 42. Qxe3 Rdd8 43. Qe4 Rh5 44. Rxf6 Rd1+ 45. Kh2 Rd5
46. Rd6 Rxd6 47. cxd6+ Kxd6 48. Qd4+ Ke6 49. Qxa7 1-0

[Event "Chigorin Memorial"]
[Site "St Petersburg"]
[Date "2016.10.18"]
[Round "4.108"]
[White "Belous, Mikhail"]
[Black "Alekseev, Mikhail"]
[Result "1-0"]
[WhiteElo "2314"]
[BlackElo "1878"]
[PlyCount "95"]
[EventDate "2016.10.15"]
[EventType "swiss"]
[EventRounds "9"]
[EventCountry "RUS"]

1. d4 Nf6 2. c4 g6 3. Nc3 d5 4. cxd5 Nxd5 5. e4 Nxc3 6. bxc3 Bg7 7. Bc4 c5 8.
Ne2 Nc6 9. Be3 O-O 10. O-O cxd4 11. cxd4 Na5 12. Bd3 b6 13. Rc1 e6 14. Qd2 Bb7
15. Bh6 Qd7 16. Bxg7 Kxg7 17. h4 Rfc8 18. h5 Qe7 19. Qf4 Rxc1 20. Rxc1 Nc6 21.
Bb5 e5 22. Qg3 Rc8 23. Qh3 exd4 24. h6+ Kg8 25. Nxd4 Nxd4 26. Rxc8+ Bxc8 27.
Qxc8+ Qf8 28. Qxf8+ Kxf8 29. Bd3 Nc6 30. f4 Ke7 31. Kf2 Nb4 32. Bb1 b5 33. Ke3
Nc6 34. g4 a5 35. e5 Ke6 36. f5+ Kxe5 37. fxg6 fxg6 38. Bxg6 Kf6 39. Bxh7 Kg5
40. Be4 Ne5 41. h7 Nf7 42. Bf5 b4 43. Kd4 a4 44. Kc4 b3 45. a3 Nd6+ 46. Kb4
Nxf5 47. h8=Q Nd4 48. Qxd4 1-0

[Event "Chigorin Memorial"]
[Site "St Petersburg"]
[Date "2016.10.18"]
[Round "4.109"]
[White "Yashmetov, Mikhail"]
[Black "Kuznetsov, Roman"]
[Result "0-1"]
[WhiteElo "2359"]
[BlackElo "1990"]
[PlyCount "84"]
[EventDate "2016.10.15"]
[EventType "swiss"]
[EventRounds "9"]
[EventCountry "RUS"]

1. Nf3 e6 2. c4 d5 3. g3 Nf6 4. Bg2 Be7 5. O-O O-O 6. d4 Nbd7 7. Qc2 c6 8. Rd1
Ne4 9. Nc3 f5 10. Rb1 Bd6 11. cxd5 exd5 12. Bf4 Bxf4 13. gxf4 Ndf6 14. Ne5 Nh5
15. e3 Qh4 16. f3 Nxc3 17. bxc3 g5 18. Qf2 Qxf2+ 19. Kxf2 gxf4 20. e4 fxe4 21.
fxe4 f3 22. Bf1 dxe4 23. Bc4+ Kg7 24. Rg1+ Kf6 25. Ke3 b5 26. Bb3 Ke7 27. Bc2
Nf6 28. c4 bxc4 29. Rg7+ Ke6 30. Nxc4 Nd5+ 31. Kf2 Ba6 32. Bxe4 Bxc4 33. Rbb7
Rf4 34. Bxh7 Nf6 35. Bc2 Ng4+ 36. Kg3 f2 37. Rge7+ Kf6 38. Bd3 f1=Q 39. Bxf1
Rxf1 40. Kxg4 Rg8+ 41. Kh5 Rg5+ 42. Kh6 Rf4 0-1

[Event "Chigorin Memorial"]
[Site "St Petersburg"]
[Date "2016.10.18"]
[Round "4.110"]
[White "Gordon, Evgeny"]
[Black "Maltsevskaya, Aleksandra"]
[Result "0-1"]
[WhiteElo "1988"]
[BlackElo "2319"]
[PlyCount "116"]
[EventDate "2016.10.15"]
[EventType "swiss"]
[EventRounds "9"]
[EventCountry "RUS"]

1. d4 Nf6 2. c4 g6 3. Nf3 Bg7 4. e3 O-O 5. Nc3 c5 6. d5 e6 7. Be2 exd5 8. cxd5
d6 9. Nd2 Na6 10. O-O Nc7 11. e4 a6 12. a4 Rb8 13. a5 Re8 14. Bd3 Bd7 15. Nc4
Nb5 16. Nxb5 Bxb5 17. Qc2 Bxc4 18. Qxc4 Ng4 19. Be2 Qh4 20. Bxg4 Qxg4 21. f3
Qh4 22. Qc2 Bd4+ 23. Kh1 Be5 24. f4 Bg7 25. Ra4 f5 26. e5 dxe5 27. fxe5 Qd8 28.
Qxc5 Rxe5 29. Rd4 Rc8 30. Qb6 Qxb6 31. axb6 Rd8 32. Rfd1 Rde8 33. Bd2 f4 34.
Rd3 g5 35. h3 Rd8 36. Bc3 Re3 37. Bxg7 Kxg7 38. Rc3 Rxc3 39. bxc3 Kf6 40. c4
Rc8 41. Re1 Rxc4 42. Re6+ Kf5 43. Re7 Rb4 44. Rxb7 h5 45. Kg1 g4 46. hxg4+ hxg4
47. Rb8 g3 48. Kf1 Ke4 49. Re8+ Kxd5 50. Rf8 Kc6 51. Rf6+ Kb7 52. Ke2 a5 53.
Kd3 a4 54. Kc3 Re4 55. Kd3 a3 56. Kc2 Re2+ 57. Kb1 Rxg2 58. Rxf4 Rf2 0-1

[Event "Chigorin Memorial"]
[Site "St Petersburg"]
[Date "2016.10.18"]
[Round "4.111"]
[White "Sheynin, Izrail"]
[Black "Sichinava, Zviad"]
[Result "1/2-1/2"]
[WhiteElo "1982"]
[BlackElo "2305"]
[PlyCount "93"]
[EventDate "2016.10.15"]
[EventType "swiss"]
[EventRounds "9"]
[EventCountry "RUS"]

1. e4 e6 2. d4 d5 3. Nc3 Bb4 4. e5 c5 5. Bd2 Ne7 6. Nce2 Bxd2+ 7. Qxd2 cxd4 8.
f4 Nbc6 9. Nf3 O-O 10. O-O-O f6 11. exf6 gxf6 12. Nexd4 Nxd4 13. Nxd4 e5 14.
Nf3 e4 15. Nd4 Bg4 16. Be2 Bxe2 17. Qxe2 Qd7 18. f5 Rf7 19. Rhf1 Rc8 20. Kb1
Nc6 21. c4 Nb4 22. a3 Nd3 23. cxd5 Qxd5 24. Ne6 Qe5 25. g3 b5 26. Nf4 Rd7 27.
Nxd3 exd3 28. Qg4+ Kh8 29. Rfe1 Qc5 30. Rd2 a5 31. Qe4 b4 32. Qe6 Rd6 33. Qf7
bxa3 34. Re8+ Rxe8 35. Qxe8+ Kg7 36. Qe7+ Kh6 37. Qf8+ Kg5 38. Qg7+ Kxf5 39.
Qxh7+ Ke5 40. Qh5+ f5 41. Qh8+ Ke4 42. Qh4+ Ke5 43. Qh8+ Ke6 44. Qe8+ Kf6 45.
Qf8+ Ke5 46. Qh8+ Ke6 47. Qe8+ 1/2-1/2

[Event "Chigorin Memorial"]
[Site "St Petersburg"]
[Date "2016.10.18"]
[Round "4.112"]
[White "Leontiev, Aleksandr V"]
[Black "Pavlova, Natalia"]
[Result "1-0"]
[WhiteElo "2285"]
[BlackElo "1990"]
[PlyCount "53"]
[EventDate "2016.10.15"]
[EventType "swiss"]
[EventRounds "9"]
[EventCountry "RUS"]

1. c4 e5 2. Nc3 Nf6 3. Nf3 Nc6 4. e3 d5 5. cxd5 Nxd5 6. Bb5 Nxc3 7. bxc3 Bd6 8.
d4 e4 9. Nd2 Qg5 10. Bf1 Qe7 11. Qc2 Bf5 12. Rb1 Nd8 13. f4 O-O 14. Be2 Re8 15.
O-O Qh4 16. Rb5 c5 17. Nc4 Bf8 18. g3 Qh3 19. Rf2 Ne6 20. Rg2 h5 21. Rxb7 cxd4
22. cxd4 Red8 23. Bb2 Nxd4 24. Bxd4 Rxd4 25. exd4 e3 26. Bd3 Bg4 27. Ne5 1-0